[Event "Bhilwara op"]
[Site "Bhilwara"]
[Date "2024.12.25"]
[Round "3"]
[White "Shankar, Swaraj"]
[Black "Shivam, Chaudhary"]
[Result "0-1"]
[WhiteElo "1555"]
[BlackElo "1726"]
[PlyCount "88"]
[EventDate "2024.12.24"]
[EventType "swiss"]
[EventRounds "9"]
[EventCountry "IND"]
[SourceTitle "CB02_2025"]
[SourceDate "2025.01.08"]
[SourceVersion "1"]
[SourceVersionDate "2025.01.08"]
[SourceQuality "1"]

1. e4 e5 2. Nf3 Nf6 3. Nxe5 d6 4. Nf3 Nxe4 5. Nc3 Nxc3 6. dxc3 Be7 7. Bd3 Nd7 8. Bf4 Nf6 9. Qd2 Bg4 10. 0-0-0 Qd7 11. Rhe1 0-0-0 12. Qe3 Qa4 13. Qxe7 Qxf4+ 14. Qe3 Qa4 15. Kb1 h6 16. Qd4 Qxd4 17. cxd4 Bxf3 18. gxf3 Rde8 19. c3 Kd8 20. Kc2 c6 21. Kd2 Nd5 22. Bc4 Nf4 23. Bxf7 Ref8 24. Bc4 Rf6 25. Rg1 g5 26. Rg3 d5 27. Be2 Re8 28. Bf1 Nh5 29. Rh3 Nf4 30. Rg3 Ng6 31. Re1 Ref8 32. Re3 Nh4 33. Bd3 Nxf3+ 34. Ke2 Nxh2 35. Rg2 Nf3 36. Bb1 h5 37. b3 h4 38. Kf1 Nd2+ 39. Kg1 Nxb1 40. Re5 Nxc3 41. Rexg5 Ne2+ 42. Kh2 h3 43. Kxh3 Rh8+ 44. Kg4 Rf4# 0-1

[Event "Manikyanagar Chanchal Dad Memorial"]
[Site "Manikyanagar"]
[Date "2024.07.27"]
[Round "7"]
[White "M Tulasi Ram, Kumar"]
[Black "Shivam, Chaudhary"]
[Result "0-1"]
[WhiteElo "1491"]
[BlackElo "1725"]
[PlyCount "58"]
[EventDate "2024.07.24"]
[EventType "swiss"]
[EventRounds "9"]
[EventCountry "IND"]
[SourceTitle "EXT 2025"]
[Source "ChessBase"]
[SourceDate "2024.10.14"]
[SourceVersion "1"]
[SourceVersionDate "2024.10.14"]
[SourceQuality "1"]

1. e4 e5 2. Bc4 Nf6 3. d3 c6 4. c3 d5 5. exd5 cxd5 6. Bb3 Bd6 7. h3 Nc6 8. Bg5 Be6 9. Nf3 h6 10. Bh4 0-0 11. Nbd2 g5 12. Bg3 e4 13. dxe4 Bxg3 14. fxg3 dxe4 15. Nh2 Qd3 16. Ndf1 Ne5 17. Qe2 Bxb3 18. axb3 Qd6 19. Qc2 Nd3+ 20. Ke2 Rad8 21. b4 Qc7 22. Qb3 Nh5 23. Qc2 Nxg3+ 24. Nxg3 Qxg3 25. Kf1 Qf4+ 26. Kg1 Qe3+ 27. Kf1 Rd5 28. g4 Rd6 29. Ra5 Qe1+ 0-1

[Event "Manikyanagar Chanchal Dad Memorial"]
[Site "Manikyanagar"]
[Date "2024.07.27"]
[Round "8"]
[White "Shivam, Chaudhary"]
[Black "Sarvam, Dahiya"]
[Result "1/2-1/2"]
[WhiteElo "1725"]
[BlackElo "1652"]
[PlyCount "57"]
[EventDate "2024.07.24"]
[EventType "swiss"]
[EventRounds "9"]
[EventCountry "IND"]
[SourceTitle "EXT 2025"]
[Source "ChessBase"]
[SourceDate "2024.10.14"]
[SourceVersion "1"]
[SourceVersionDate "2024.10.14"]
[SourceQuality "1"]

1. d4 d5 2. Nf3 Nf6 3. Bf4 c5 4. e3 e6 5. Nbd2 Bd6 6. Bb5+ Nc6 7. Bg3 0-0 8. c3 a6 9. Bd3 Re8 10. Ne5 Qc7 11. f4 Nd7 12. Bxh7+ Kf8 13. Nxf7 Kxf7 14. Qh5+ Ke7 15. Qg5+ Kf8 16. Bg6 Rd8 17. 0-0 Nf6 18. Rae1 Ne7 19. e4 dxe4 20. Nxe4 Nxe4 21. Bxe4 Nf5 22. d5 Qe7 23. dxe6 Nxg3 24. Qxg3 Qf6 25. Bd5 Ra7 26. Qh3 Ke7 27. Qh5 b5 28. Re5 Rf8 29. Ree1 1/2-1/2

[Event "Manikyanagar Chanchal Dad Memorial"]
[Site "Manikyanagar"]
[Date "2024.07.25"]
[Round "4"]
[White "Shivam, Chaudhary"]
[Black "Arshpreet, Singh"]
[Result "0-1"]
[WhiteElo "1725"]
[BlackElo "1970"]
[PlyCount "86"]
[EventDate "2024.07.24"]
[EventType "swiss"]
[EventRounds "9"]
[EventCountry "IND"]
[SourceTitle "EXT 2025"]
[Source "ChessBase"]
[SourceDate "2024.10.14"]
[SourceVersion "1"]
[SourceVersionDate "2024.10.14"]
[SourceQuality "1"]

1. d4 Nf6 2. Nf3 d5 3. Bf4 e6 4. e3 Bd6 5. Bg3 0-0 6. Bd3 c5 7. dxc5 Bxc5 8. 0-0 b6 9. c4 Qe7 10. Qc2 dxc4 11. Bxc4 Bb7 12. Nc3 Nc6 13. a3 Bd6 14. Bxd6 Qxd6 15. Rfd1 Qc5 16. Qe2 Qh5 17. Ba6 Bxa6 18. Qxa6 Ne5 19. Nxe5 Qxe5 20. Rd4 Qf5 21. Rad1 h5 22. Qe2 Rac8 23. e4 Qe5 24. h3 g5 25. Qe3 h4 26. Qd3 Kg7 27. Nb5 Nh5 28. Nd6 Nf4 29. Qd2 Rc7 30. Nc4 Qf6 31. b3 b5 32. Ne3 Rfc8 33. Ng4 Qg6 34. Rd7 Qxe4 35. f3 Qe2 36. Qd4+ Kh7 37. Nf2 Kg6 38. Rd2 Qe1+ 39. Kh2 Rxd7 40. Qxd7 Rc1 41. Nd1 Qg3+ 42. Kg1 Rxd1+ 43. Rxd1 Qxg2# 0-1